000 00675nam a2200205 i 4500
001 135665
003 ES-MaACL
005 20250728095019.0
007 t|
008 070730s1939 sp ||||1| spa d
100 1 _aTorrente Ballester, Gonzalo,
_d1910-1999
_9110850
245 1 4 _aLas ídeas políticas modernas
_b: el liberalismo /
_cGonzalo Torrente Ballester.
260 _aBarcelona :
_bSopena,
_c1939.
300 _a24 p. ;
_c19 cm.
490 1 _aCuadernos de orientación política
650 1 7 _aLiberalismo
_2embne
_914386
830 0 _aCuadernos de orientación política
_9187019
852 _aES-MaACL
_j1834-F-15
_bR.18374
999 _c135665
_d135665